000
00315nam a2200121Ia 4500
008
230511s1973 xx 000 0 und d
041
_a
eng
082
_a
348.041
100
_a
Ratanlal Ranchodas
245
_a
Bombay Law Repoter 1973
260
_a
Mumbai
_b
Bombay Law Reporter
_c
1973
906
_a
High Court Cases
999
_c
353868
_d
353868